00713nam a22002057a 4500003000900000005001700009008002900026020001500055040002200070082002500092100003300117245011700150260003400267300003500301650003200336650003400368700004900402700004500451710001100496DO-SdBNP20240702120928.0150929b 2006 cla00| 0 spa d a9972209083 aBPMSUbspacBPMSU 4a220.88bQ7g 20062221 aQuintero Q, Héctro Rangel 13aLa gran biblia de los niños /cHéctor Grangel Quintero Q : Diana E. Oliveros Fortiche dirección editorial  aLima, Perú :bLexus,82006. a199 p. :bil., + DVD ;c32 cm. 4aBibliaxLiteratura infantil 4aLibros infantiles ilustrados 1 aOliveros Fortiche, Diana E.,edirerección 1 aOrduz Robles, Sergio F.,eilustraciones 2 aLexus